Vzostupy a pády

Bibliographic Details
Main Author: Taraba, Luboš, iný (Author)
Format: Article
Language:Slovak
PhysicalDescription:Fotogr.
ISSN:1210-2040
Subjects:

MARC

LEADER 00000nab a2200000 ar4500
001 vtls009006133
003 SK-MaSNL
005 20260303065727.0
008 070710c2007 xo wr|p|||||||000 b|slo
015 |a SNBRB2007/07  |2 snkbucl 
038 |a SNKBUCL 
040 |a SNKBUCL  |b slo  |c SNKBUCL  |e AACR2 
041 |a slo 
044 |a xo  |c SK 
080 |a 78.071.2  |2 1997 
080 |a 784.66  |2 1997 
100 1 |a Taraba, Luboš,  |c iný  |4 aut  |9 852464 
245 1 0 |a Vzostupy a pády  |c Luboš Taraba 
300 |b Fotogr. 
600 1 7 |a Vondráčková, Helena,  |d 1947-   |2 snkbucl  |9 111903 
773 0 |t Plus 7 dní  |g Roč. XVII, č. 25 (2007), s. 20-22  |x 1210-2040 
852 |a SNK  |b KIS3GCP 
958 |a BC 
999 |c 1752386  |d 1754316